000 00790aas a2200205 4500
999 _c3450
_d3450
003 BR-BrBNA
005 20230317233811.0
007 ta
008 230119b bl ||||| |||| 00| 0 por d
035 _a000485-5
040 _aBR-BrBNA
_bPor
_cBR-BrBNA
042 _aN
044 _abl
245 _aPublicação - Série I-A - Departamento Nacional de Obras Contra as Secas (Brazil)
260 _aFortaleza-CE
_bDepartamento Nacional de Obras Contra as Secas - Ministério da Viação e Obras Públicas
_c1945. Data final de publicação em 1970
_eBCE
310 _airregular
505 _a1945 (144); 1946 (144-145); 1947 (147); 1949 (148); 1952 (150-151); 1954 (154-156); 1964 (205,242 coleção Mossoroense); 1970 (243 2ºed); 1973 (154 4. ed.);
909 _a56
_bSergio Santos
_c56
_dSergio Santos
942 _cCR
_2AGRIS